Markets (Record no. 83195)
[ view plain ]
| 000 -LEADER | |
|---|---|
| fixed length control field | 01062cab a22001935a 4500 |
| 001 - CONTROL NUMBER | |
| control field | L153124 |
| 008 - FIXED-LENGTH DATA ELEMENTS--GENERAL INFORMATION | |
| fixed length control field | 110610e2011 xxk 000 0 eng d |
| 035 ## - SYSTEM CONTROL NUMBER | |
| System control number | (Sirsi) u153124 |
| 041 0# - LANGUAGE CODE | |
| Language code of text/sound track or separate title | eng |
| 100 1# - MAIN ENTRY--PERSONAL NAME | |
| Personal name | Watson, Stuart |
| 245 00 - TITLE STATEMENT | |
| Title | Markets |
| Remainder of title | sheds |
| 260 ## - PUBLICATION, DISTRIBUTION, ETC. | |
| Date of publication, distribution, etc. | 2011 |
| 490 #0 - SERIES STATEMENT | |
| Series statement | Property Week |
| Volume/sequential designation | 77(21) 27 May 2011, 51-76(5) |
| 520 ## - SUMMARY, ETC. | |
| Summary, etc. | Lynton Developments seals its first significant deal in the south of England with Tesco taking a 120 000 sq ft warehouse at Manor Royal business park near London Gatwick. Waitrose expands its online operation with a pre-let of 400 000 sq ft distribution centre at Chorley, Lancashire. Demand for UK airport distribution space will continue to grow as freight cargo volumes rise. Since April a steady stream of industrial portfolios has hit the market: mostly south-east multi-let estates considered good secondary assets. Latest DTZ research shows the recovery in the big shed market during 2010 has continued in Q1 2011. |
| 590 ## - LOCAL NOTE (RLIN) | |
| Local note | KA |
| 651 #4 - SUBJECT ADDED ENTRY--GEOGRAPHIC NAME | |
| Geographic name | United Kingdom |
| Chronological subdivision | |
| 700 1# - ADDED ENTRY--PERSONAL NAME | |
| Personal name | Sleath, David |
| 942 ## - ADDED ENTRY ELEMENTS (KOHA) | |
| Suppress in OPAC | 0 |
| Withdrawn status | Lost status | Source of classification or shelving scheme | Damaged status | Not for loan | Home library | Current library | Shelving location | Date acquired | Total Checkouts | Full call number | Barcode | Date last seen | Copy number | Price effective from | Koha item type |
|---|---|---|---|---|---|---|---|---|---|---|---|---|---|---|---|
| Dewey Decimal Classification | London | London | Journal article | 10/06/2011 | L153124 | 153124-1001 | 06/08/2019 | 1 | 06/08/2019 | Journal article |